MARC details
| 000 -LEADER |
| fixed length control field |
02670cam a22005173u 4500 |
| 001 - CONTROL NUMBER |
| control field |
ssib046879810 |
| 003 - CONTROL NUMBER IDENTIFIER |
| control field |
EG-ScBUE |
| 005 - DATE AND TIME OF LATEST TRANSACTION |
| control field |
20250224095743.0 |
| 008 - FIXED-LENGTH DATA ELEMENTS--GENERAL INFORMATION |
| fixed length control field |
220218t2020 maua f 000 0 eng d |
| 020 ## - INTERNATIONAL STANDARD BOOK NUMBER |
| International Standard Book Number |
9781633228900 |
| 040 ## - CATALOGING SOURCE |
| Original cataloging agency |
EG-ScBUE |
| Language of cataloging |
eng |
| Description conventions |
rda |
| Transcribing agency |
EG-ScBUE |
| Modifying agency |
EG-ScBUE |
| 082 04 - DEWEY DECIMAL CLASSIFICATION NUMBER |
| Edition number |
22 |
| Classification number |
741.58 |
| Item number |
BLA |
| 100 1# - MAIN ENTRY--PERSONAL NAME |
| Personal name |
Blair, Preston, |
| Relator term |
author. |
| 245 10 - TITLE STATEMENT |
| Title |
Cartoon Animation / |
| Statement of responsibility, etc |
with Preston Blair. |
| 246 34 - VARYING FORM OF TITLE |
| Title proper/short title |
Cartoon Animation : |
| Remainder of title |
Learn Techniques for Drawing and Animating Cartoon Characters |
| 250 ## - EDITION STATEMENT |
| Edition statement |
Revised edition. |
| 264 #1 - PUBLICATION, DISTRIBUTION, ETC. (IMPRINT) |
| Place of publication, distribution, etc |
Beverly, MA : |
| Name of publisher, distributor, etc |
Quarto Publishing Group, |
| Date of publication, distribution, etc |
[2020] |
| 264 #4 - PUBLICATION, DISTRIBUTION, ETC. (IMPRINT) |
| Date of publication, distribution, etc |
c2020 |
| 300 ## - PHYSICAL DESCRIPTION |
| Extent |
128 pages : |
| Other physical details |
illustrations (some color) ; |
| Dimensions |
28 cm |
| 336 ## - CONTENT TYPE |
| Source |
rdacontent |
| Content type term |
text |
| Content type code |
txt |
| 337 ## - MEDIA TYPE |
| Source |
rdamedia |
| Media type term |
unmediated |
| Media type code |
n |
| 338 ## - CARRIER TYPE |
| Source |
rdacarrier |
| Carrier type term |
volume |
| Carrier type code |
nc |
| 506 ## - RESTRICTIONS ON ACCESS NOTE |
| Terms governing access |
Available on campus and off campus with authorized login. |
| 650 ## - SUBJECT ADDED ENTRY--TOPICAL TERM |
| Source of heading or term |
BUEsh |
| Topical term or geographic name as entry element |
Animated films |
| Form subdivision |
Juvenile literature. |
| 650 #7 - SUBJECT ADDED ENTRY--TOPICAL TERM |
| Source of heading or term |
BUEsh |
| Topical term or geographic name as entry element |
Animation (Cinematography) |
| 653 ## - INDEX TERM--UNCONTROLLED |
| Arrived date list |
February2025 |
| Resource For college |
Arts and Design |
| 655 ## - INDEX TERM--GENRE/FORM |
| Form subdivision |
Reading book |
| 856 40 - ELECTRONIC LOCATION AND ACCESS |
| Host name |
SOUTHEAST |
| Uniform Resource Identifier |
<a href="https://BZ6FJ9FL8E.search.serialssolutions.com/ejp/?libHash=BZ6FJ9FL8E#/search/?searchControl=title&searchType=title_code&criteria=TC_046879810">https://BZ6FJ9FL8E.search.serialssolutions.com/ejp/?libHash=BZ6FJ9FL8E#/search/?searchControl=title&searchType=title_code&criteria=TC_046879810</a> |
| 856 40 - ELECTRONIC LOCATION AND ACCESS |
| Host name |
BLOOMINGTON |
| Uniform Resource Identifier |
<a href="https://KG6EK7CQ2B.search.serialssolutions.com/ejp/?libHash=KG6EK7CQ2B#/search/?searchControl=title&searchType=title_code&criteria=TC_046879810">https://KG6EK7CQ2B.search.serialssolutions.com/ejp/?libHash=KG6EK7CQ2B#/search/?searchControl=title&searchType=title_code&criteria=TC_046879810</a> |
| 856 40 - ELECTRONIC LOCATION AND ACCESS |
| Host name |
EAST |
| Uniform Resource Identifier |
<a href="https://MN3KU4AR6Y.search.serialssolutions.com/ejp/?libHash=MN3KU4AR6Y#/search/?searchControl=title&searchType=title_code&criteria=TC_046879810">https://MN3KU4AR6Y.search.serialssolutions.com/ejp/?libHash=MN3KU4AR6Y#/search/?searchControl=title&searchType=title_code&criteria=TC_046879810</a> |
| 856 40 - ELECTRONIC LOCATION AND ACCESS |
| Host name |
NORTHWEST |
| Uniform Resource Identifier |
<a href="https://PS6EE4GK2T.search.serialssolutions.com/ejp/?libHash=PS6EE4GK2T#/search/?searchControl=title&searchType=title_code&criteria=TC_046879810">https://PS6EE4GK2T.search.serialssolutions.com/ejp/?libHash=PS6EE4GK2T#/search/?searchControl=title&searchType=title_code&criteria=TC_046879810</a> |
| 856 40 - ELECTRONIC LOCATION AND ACCESS |
| Host name |
INDIANAPOLIS |
| Uniform Resource Identifier |
<a href="https://RX8KL6YF4X.search.serialssolutions.com/ejp/?libHash=RX8KL6YF4X#/search/?searchControl=title&searchType=title_code&criteria=TC_046879810">https://RX8KL6YF4X.search.serialssolutions.com/ejp/?libHash=RX8KL6YF4X#/search/?searchControl=title&searchType=title_code&criteria=TC_046879810</a> |
| 856 40 - ELECTRONIC LOCATION AND ACCESS |
| Host name |
KOKOMO |
| Uniform Resource Identifier |
<a href="https://TE6UZ4HK6Z.search.serialssolutions.com/ejp/?libHash=TE6UZ4HK6Z#/search/?searchControl=title&searchType=title_code&criteria=TC_046879810">https://TE6UZ4HK6Z.search.serialssolutions.com/ejp/?libHash=TE6UZ4HK6Z#/search/?searchControl=title&searchType=title_code&criteria=TC_046879810</a> |
| 856 40 - ELECTRONIC LOCATION AND ACCESS |
| Host name |
SOUTH BEND |
| Uniform Resource Identifier |
<a href="https://TT5XG8QF8P.search.serialssolutions.com/ejp/?libHash=TT5XG8QF8P#/search/?searchControl=title&searchType=title_code&criteria=TC_046879810">https://TT5XG8QF8P.search.serialssolutions.com/ejp/?libHash=TT5XG8QF8P#/search/?searchControl=title&searchType=title_code&criteria=TC_046879810</a> |
| 856 40 - ELECTRONIC LOCATION AND ACCESS |
| Host name |
COLUMBUS |
| Uniform Resource Identifier |
<a href="https://RX8KL6YF4X.search.serialssolutions.com/ejp/?libHash=RX8KL6YF4X#/search/?searchControl=title&searchType=title_code&criteria=TC_046879810">https://RX8KL6YF4X.search.serialssolutions.com/ejp/?libHash=RX8KL6YF4X#/search/?searchControl=title&searchType=title_code&criteria=TC_046879810</a> |
| 942 ## - ADDED ENTRY ELEMENTS (KOHA) |
| Source of classification or shelving scheme |
Dewey Decimal Classification |
| Koha item type |
Book - Borrowing |
| 949 ## - LOCAL PROCESSING INFORMATION (OCLC) |
| h |
seasebook |
| 949 ## - LOCAL PROCESSING INFORMATION (OCLC) |
| h |
wellsebook |
| 949 ## - LOCAL PROCESSING INFORMATION (OCLC) |
| h |
eaebook |
| 949 ## - LOCAL PROCESSING INFORMATION (OCLC) |
| h |
nwstebook |
| 949 ## - LOCAL PROCESSING INFORMATION (OCLC) |
| h |
ulebook |
| 949 ## - LOCAL PROCESSING INFORMATION (OCLC) |
| h |
kokoebook |
| 949 ## - LOCAL PROCESSING INFORMATION (OCLC) |
| h |
sbenebook |
| 949 ## - LOCAL PROCESSING INFORMATION (OCLC) |
| h |
coebook |